Espaces topologiques intermédiaires : problème de la distanciation /
Guardado en:
| Autor Principal: | |
|---|---|
| Otros Autores: | , |
| Formato: | Libro |
| Idioma: | French |
| Publicado: |
Paris :
Hermann,
1951.
|
| Series: | Actualités scientifiques et industrielles ;
1121 Exposés d'analyse générale ; 15 |
| Etiquetas: |
Agregar Etiqueta
Sin Etiquetas, Sea el primero en etiquetar este registro!
|
| LEADER | 00687nam a22001935a 4500 | ||
|---|---|---|---|
| 001 | MAT.inmabb000539 | ||
| 008 | 031117s1951####fr############001#0#fre#d | ||
| 005 | 20170801154449.0 | ||
| 245 | 1 | 0 | |a Espaces topologiques intermédiaires : |b problème de la distanciation / |c par Antoine Appert et Ky-Fan ; préface de M. Fréchet. |
| 260 | |a Paris : |b Hermann, |c 1951. | ||
| 300 | |a 160 p. | ||
| 440 | 0 | |a Actualités scientifiques et industrielles ; |v 1121 | |
| 440 | 0 | |a Exposés d'analyse générale ; |v 15 | |
| 510 | 4 | |a MR, |c MR0042107 | |
| 100 | 1 | |a Appert, Antoine. | |
| 700 | 1 | |a Fan, Ky. | |
| 700 | 1 | |a Fréchet, Maurice, |d 1878-1973. |4 aui | |
| 084 | |a 54-XX |2 msc2000 | ||
| 859 | |h 54 |i Ap646 |p A-321 |b BIB. MATEMATICA | ||
